01007 2200313 4500001002100000005001500021035002000036007000300056008004100059020002200100082001600122084001800138100003700156245013000193250003200323300004500355650003600400264003700436336002100473337003000494338002300524040002200547090002200569850001200591999002200603504003300625041001300658990002200671INLIS00000000088751820240612100456 a0010-0624000420ta240612s2024 yoia g | ind d a978-623-240-939-204223a297.273 a297.273 ERF d0 aErfani Aljan AbdullahePengarang10aDialektika hukum kewarisan Islam dalam yurisprudensi dan praktik peradilan agama /cErfani Aljan Abdullah; penyunting, Erfani aCetakan Pertama, April 2024 axi, 170 halaman :btabel, bagan ;c23 cm 4aWaris dan pewaris (Hukum Islam)31aSleman :bDiandra Kreatif,c2024 2rdacontentateks 2rdamediaatanpa perantara 2rdacarrieravolume aYOPDYOGbinderda aCB-D.11 2024-1047 aYOPDYOG aCB-D.11/2024-1047 aBibliografi: halaman 165-1680 aindgara aCB-D.11/2024-1047